000 00989nam a2200289 i 4500
003 EG-GICUC
005 20260418184935.0
008 260418s1913 fr |||fr|||| 00| 0 fre d
040 _aEG-GiCUC
_bfre
_cEG-GiCUC
_dEG-GiCUC
_eRda
082 0 4 _221
_a343.66
_bHA . J
092 0 4 _221
099 _aLaw1 10 343.66 HA . J 1913
100 0 _aHassan Nachat
_eAuteur
245 1 4 _aLes Jeunes Délinquants /
_cHassan Nachat.
264 1 _aParis :
_bLibrairie Nouvelle De Droit Et De Jurisprudence Arthur Rousseau,
_c1913.
264 3 _aLa Rochelle :
_bImprimeria Nouvelle Noël Texier,
300 _a420 page :
_billustration ;
_c 24 cm.
336 _2rda contenu
_a texte
337 _2rda medias
_aOrdinateur
338 _2 transporteur rda
_a Ressource en ligne
650 1 _aGroupes Spéciaux De Criminels
_2qrmak
650 1 _aDroit De Pénal
_2qrmak
651 1 _2qrmak
856 4 0 _uhttps://fll.law.cu.edu.eg/fulltext/bks/B10-09985.pdf
905 _a54
942 _2ddc
_cBK
_e21
_n0
999 _c71691
_d71691